[Event "SR 4. liga A21 2008/2009"]
[Site "?"]
[Date "2009.02.01"]
[Round "8.4"]
[White "Dubecky, Ladislav"]
[Black "Bendzela, Tibor"]
[Result "1-0"]
[WhiteElo "1549"]
[BlackElo "1477"]
[PlyCount "83"]
[EventDate "2008.??.??"]

1. e4 d5 2. e5 Nc6 3. d4 h6 4. f4 a6 5. Nf3 Bg4 6. Be3 e6 7. a3 Nge7 8. Be2 Nf5
9. Bf2 Be7 10. Qd3 Qd7 11. Nbd2 Bh5 12. Nb3 Bg6 13. Qd2 h5 14. O-O-O b5 15. h3
Na7 16. Nc5 Qc6 17. g4 Nh6 18. Ng5 Bxc5 19. dxc5 O-O-O 20. Qa5 f6 21. gxh5 fxg5
22. fxg5 Be4 23. gxh6 Bxh1 24. hxg7 Rhg8 25. h6 Be4 26. Bh4 Rd7 27. Rf1 Bf5 28.
Bd3 Rf7 29. Bf6 Kb7 30. Bxf5 exf5 31. h7 Rgxg7 32. h8=Q Rh7 33. Qg8 Qxc5 34.
Qc3 Qb6 35. h4 c5 36. Qf3 f4 37. Qxd5+ Nc6 38. Qgxf7+ Rxf7 39. Qxf7+ Kc8 40.
Rg1 c4 41. Rg8+ Nd8 42. Rxd8+ 1-0

[Event "SR 4. liga A21 2008/2009"]
[Site "?"]
[Date "2009.02.01"]
[Round "8.4"]
[White "Lanik, Miroslav"]
[Black "Damborsky, Pavol"]
[Result "1-0"]
[WhiteElo "1702"]
[BlackElo "1664"]
[PlyCount "120"]
[EventDate "2008.??.??"]

1. e4 e5 2. Nf3 d6 3. d4 exd4 4. Nxd4 Nf6 5. Nc3 Be7 6. Bf4 Bg4 7. f3 Bd7 8.
Qd2 h6 9. O-O-O Nc6 10. g4 g5 11. Be3 a6 12. Kb1 Ne5 13. Be2 c5 14. Nf5 Bxf5
15. gxf5 Qa5 16. h4 gxh4 17. Bxh6 O-O-O 18. Bg5 h3 19. Nd5 Qxd2 20. Nxe7+ Kd7
21. Rxd2 Kxe7 22. f4 Ned7 23. Bg4 Rh7 24. e5 dxe5 25. fxe5 Nxe5 26. Rxd8 Nexg4
27. Rd2 Rh5 28. Re2+ Kf8 29. Bxf6 Nxf6 30. Reh2 Rxf5 31. Rxh3 Ke7 32. Rd1 Re5
33. Rh8 Ne8 34. b3 b5 35. Rh6 Nf6 36. Rf1 Re6 37. Rh8 Ne8 38. Rf5 c4 39. bxc4
bxc4 40. Kb2 Nd6 41. Rf4 Re3 42. Ra8 f5 43. Rxa6 c3+ 44. Kb3 Re5 45. Kxc3 Rc5+
46. Kd3 Ke6 47. Rd4 Rd5 48. Rxd5 Kxd5 49. Rxd6+ Kxd6 50. Ke3 Ke5 51. a4 f4+ 52.
Kf3 Kd4 53. Kxf4 Kc4 54. c3 Kc5 55. Ke4 Kb6 56. Kd5 Ka5 57. c4 Kxa4 58. c5 Kb5
59. Kd6 Ka6 60. Kd7 Kb7 1-0

[Event "SR 4. liga A21 2008/2009"]
[Site "?"]
[Date "2009.02.01"]
[Round "8.5"]
[White "Beran, Jan st"]
[Black "Bjel, Tomas"]
[Result "1-0"]
[WhiteElo "1680"]
[BlackElo "1623"]
[PlyCount "47"]
[EventDate "2008.??.??"]

1. d4 d5 2. c4 e6 3. Nc3 Bb4 4. e3 Ne7 5. Nf3 b6 6. cxd5 Nxd5 7. Bd2 Bb7 8. Be2
O-O 9. O-O Nxc3 10. Bxc3 Bd6 11. a3 f5 12. Rc1 Rf6 13. d5 Rh6 14. Be5 Bxd5 15.
Bxd6 cxd6 16. g3 g5 17. Nd4 f4 18. Bf3 Bxf3 19. Qxf3 d5 20. Qg4 e5 21. Rc8 Nc6
22. Rxd8+ Rxd8 23. Nxc6 Rxc6 24. Qxg5+ 1-0

[Event "SR 4. liga A21 2008/2009"]
[Site "?"]
[Date "2009.02.01"]
[Round "8.5"]
[White "Bjel, Jan"]
[Black "Havlicek, Peter"]
[Result "0-1"]
[WhiteElo "1703"]
[BlackElo "1684"]
[PlyCount "102"]
[EventDate "2008.??.??"]

1. e4 e6 2. d4 d5 3. exd5 exd5 4. Bd3 Nf6 5. Nf3 Bd6 6. O-O O-O 7. c3 Bg4 8.
Be3 Nbd7 9. Nbd2 c6 10. Qc2 Qc7 11. h3 Bh5 12. Bf5 Rae8 13. b4 Bxf3 14. Nxf3
Bf4 15. Bxf4 Qxf4 16. Bxd7 Nxd7 17. Rfe1 Nf6 18. a4 Ne4 19. Re3 Re6 20. Rae1
Rfe8 21. Qc1 Qf5 22. R1e2 Qh5 23. Qe1 f5 24. Ne5 f4 25. Rf3 Rf6 26. Rd3 Ng5 27.
Nf3 Rxe2 28. Qxe2 Re6 29. Qd1 Qe8 30. Kh2 Ne4 31. Qf1 g5 32. Ne5 h5 33. Kg1 Kg7
34. Qc1 Rf6 35. Rd1 Qe6 36. Re1 Qf5 37. Qc2 g4 38. f3 gxf3 39. Nxf3 Qg6 40. Re2
Qg3 41. Kh1 Qg6 42. Kg1 Kh6 43. Nd2 f3 44. Nxe4 fxe2 45. Qd2+ Kg7 46. Nxf6 Qb1+
47. Kh2 e1=Q 48. Qg5+ Kf7 49. Qxh5+ Qg6 50. Qf3 Qxf6 51. Qh5+ Ke7 0-1

[Event "SR 4. liga A21 2008/2009"]
[Site "?"]
[Date "2009.02.01"]
[Round "8.5"]
[White "Fidericky, Milan"]
[Black "Krchnak, Rudolf"]
[Result "1-0"]
[WhiteElo "1866"]
[BlackElo "1930"]
[PlyCount "132"]
[EventDate "2008.??.??"]

1. e4 d6 2. d4 Nf6 3. Nc3 c6 4. Nf3 Bg4 5. Be2 Nbd7 6. h3 Bh5 7. O-O e5 8. dxe5
dxe5 9. Bg5 Be7 10. Nd2 Bxe2 11. Qxe2 Qc7 12. Rad1 h6 13. Bh4 O-O 14. Nc4 Rad8
15. Ne3 g6 16. Qf3 Kg7 17. Ng4 g5 18. Bg3 Nxg4 19. hxg4 f6 20. Qe2 Rfe8 21. Qc4
Nf8 22. Rxd8 Rxd8 23. Rd1 Rxd1+ 24. Nxd1 Qd7 25. Ne3 Ne6 26. Nf5+ Kg6 27. Kh2
Bf8 28. f3 b6 29. a4 h5 30. gxh5+ Kxh5 31. Bf2 Kg6 32. g3 Kf7 33. Be3 Ke8 34.
g4 Kd8 35. Kg2 Kc7 36. Kf2 Bc5 37. Bxc5 Nxc5 38. Ke2 Ne6 39. Qc3 Nf4+ 40. Ke1
Qh7 41. Qc4 Qh1+ 42. Kd2 Qg2+ 43. Kc1 Qg1+ 44. Kd2 Qf2+ 45. Kd1 Qxf3+ 46. Kd2
Qg2+ 47. Kd1 Qg1+ 48. Kd2 Qg2+ 49. Kd1 Qxg4+ 50. Kd2 Qg2+ 51. Kd1 Qh1+ 52. Kd2
Qh7 53. a5 Qd7+ 54. Kc3 Kb7 55. axb6 axb6 56. b4 Ne6 57. Kb2 Nd4 58. Ne3 Qe6
59. Qc3 Ne2 60. Qa3 Qd6 61. Qc3 Qd4 62. Kb3 Nxc3 63. Nf5 Nb5 64. Ne7 Qc3+ 65.
Ka2 Qxc2+ 66. Ka1 Nc3 {cierny prekrocil cas} 1-0

[Event "SR 4. liga A21 2008/2009"]
[Site "?"]
[Date "2009.02.01"]
[Round "8.5"]
[White "Lanyi, Frantisek"]
[Black "Skapikova, Lubica"]
[Result "0-1"]
[WhiteElo "1743"]
[BlackElo "1958"]
[PlyCount "84"]
[EventDate "2008.??.??"]

1. e4 e5 2. Nf3 Nc6 3. Bb5 a6 4. Ba4 Nf6 5. O-O Be7 6. Re1 b5 7. Bb3 O-O 8. c3
d5 9. exd5 Nxd5 10. Nxe5 Nxe5 11. Rxe5 c6 12. Bxd5 cxd5 13. d4 Bd6 14. Re1 Qh4
15. g3 Qh3 16. Qf3 Be6 17. Qg2 Qh5 18. f4 Rae8 19. Be3 Bg4 20. Nd2 Re6 21. Bf2
Be2 22. a3 Rfe8 23. Rac1 Rg6 24. f5 Qxf5 25. Nf3 Rge6 26. Ne5 Bxe5 27. Rxe2
Bxg3 28. Rxe6 Bxf2+ 29. Qxf2 Qg5+ 30. Kf1 fxe6 31. Qe1 Rf8+ 32. Ke2 Qh5+ 33.
Kd2 Qxh2+ 34. Kd1 Rf6 35. Rc2 Qh3 36. Rf2 Qg3 37. Rxf6 Qxe1+ 38. Kxe1 gxf6 39.
b3 Kg7 40. c4 dxc4 41. bxc4 bxc4 42. Kd2 h5 0-1

[Event "SR 4. liga A21 2008/2009"]
[Site "?"]
[Date "2009.02.01"]
[Round "8.5"]
[White "Sebesta, Radovan"]
[Black "Blatnicky, Miroslav"]
[Result "1/2-1/2"]
[WhiteElo "2071"]
[BlackElo "2107"]
[PlyCount "151"]
[EventDate "2008.??.??"]

1. d4 e6 2. c4 d5 3. Nc3 Nf6 4. cxd5 Nxd5 5. Nf3 c5 6. e3 cxd4 7. exd4 Bb4 8.
Bd2 Nc6 9. Nxd5 Bxd2+ 10. Qxd2 Qxd5 11. Bd3 Bd7 12. Qe3 Nb4 13. Be4 Qb5 14. a3
Nc6 15. Bd3 Qa5+ 16. Qd2 Qxd2+ 17. Kxd2 O-O-O 18. Kc3 Ne7 19. Ne5 Be8 20. Rac1
Kb8 21. Rhd1 f6 22. Nf3 Bc6 23. Ne1 Rd6 24. f3 Rhd8 25. Be4 e5 26. Bxc6 Rxc6+
27. Kb3 Rxc1 28. Rxc1 Rxd4 29. Nc2 Rd2 30. Ne3 Nd5 31. Nxd5 Rxd5 32. Rc2 b6 33.
Re2 h5 34. Kc3 Kc7 35. Re4 Kd6 36. f4 exf4 37. Rxf4 Ke5 38. Rf2 g5 39. Re2+ Kf5
40. Rf2+ Kg6 41. Re2 Rd7 42. b4 g4 43. Re8 h4 44. Rg8+ Rg7 45. Rh8 Rh7 46. Rg8+
Kf5 47. Kd3 Kf4 48. Ke2 f5 49. Rc8 Re7+ 50. Kd2 h3 51. gxh3 Rh7 52. Rc4+ Kg5
53. hxg4 Rxh2+ 54. Ke1 fxg4 55. Rc7 Kf4 56. Rc4+ Kg3 57. Rc7 Kg2 58. Rxa7 g3
59. Rg7 Rh1+ 60. Ke2 Ra1 61. Rg6 b5 62. Rg5 Ra2+ 63. Ke1 Rxa3 64. Rxb5 Ra1+ 65.
Ke2 Ra2+ 66. Kd3 Rb2 67. Kc3 Rb1 68. Rg5 Kf3 69. Kc4 g2 70. b5 g1=Q 71. Rxg1
Rxg1 72. Kc5 Ke4 73. b6 Ke5 74. b7 Rb1 75. Kc6 Ke6 76. Kc7 1/2-1/2

[Event "SR 4. liga A21 2008/2009"]
[Site "?"]
[Date "2009.02.01"]
[Round "8.6"]
[White "Curidlo, Jan"]
[Black "Vepy, Ivan"]
[Result "0-1"]
[WhiteElo "1979"]
[BlackElo "1941"]
[PlyCount "160"]
[EventDate "2008.??.??"]

1. c4 e5 2. Nc3 Nc6 3. g3 Nf6 4. Bg2 Be7 5. d3 O-O 6. Nf3 d6 7. O-O Bg4 8. a3
Qd7 9. b4 Bh3 10. Ng5 Bxg2 11. Kxg2 d5 12. c5 a6 13. e3 h6 14. Nf3 d4 15. Ne2
Rad8 16. e4 Nh7 17. Nfg1 f5 18. f3 Rf7 19. Bd2 fxe4 20. fxe4 Rxf1 21. Kxf1 Ng5
22. Kg2 Rf8 23. h4 Nh7 24. Qb3+ Kh8 25. Rf1 Nf6 26. Qd1 Kh7 27. Nh3 b6 28. cxb6
cxb6 29. Rf5 Rc8 30. Qa4 Qb7 31. Nf2 Bd6 32. Qb3 Nd8 33. g4 Qe7 34. g5 Ng8 35.
Ng4 Qe6 36. Qxe6 Nxe6 37. Kf2 Ne7 38. Rf3 Rc2 39. Ke1 hxg5 40. hxg5 Ng6 41.
Rh3+ Kg8 42. Rf3 Ra2 43. Bc1 Ra1 44. Kf2 Ra2 45. Ke1 a5 46. bxa5 bxa5 47. Ng3
Bxa3 48. Bxa3 Rxa3 49. Nf5 Nef4 50. Kd2 Rc3 51. Nf2 a4 52. Nd1 Rb3 53. Kc2 Rb6
54. Rf1 a3 55. Ng3 Nxd3 56. Kxd3 a2 57. Nc3 dxc3 58. Ra1 Rb3 59. Kc2 Ra3 60.
Ne2 Nf4 61. Nxc3 Ne6 62. Kb2 Ra7 63. Rxa2 Rb7+ 64. Kc2 Nxg5 65. Kd3 Rb4 66. Ra5
Nf7 67. Rd5 g5 68. Ne2 Kg7 69. Ke3 Kg6 70. Ng3 g4 71. Kf2 Kg5 72. Rd7 Rb2+ 73.
Ne2 Kf6 74. Ke3 Rb3+ 75. Kf2 Rf3+ 76. Kg2 Ng5 77. Ng3 Ra3 78. Rd6+ Kf7 79. Rd7+
Ke8 80. Rd2 Nh3 0-1

[Event "SR 4. liga A21 2008/2009"]
[Site "?"]
[Date "2009.02.01"]
[Round "8.6"]
[White "Gubis, Vladimir"]
[Black "Harasta, Marian"]
[Result "1-0"]
[WhiteElo "1755"]
[BlackElo "1648"]
[PlyCount "120"]
[EventDate "2008.??.??"]

1. d4 d5 2. c4 c6 3. cxd5 cxd5 4. Nc3 Nf6 5. h3 Nc6 6. Bf4 g6 7. Nf3 Bg7 8. e3
O-O 9. Bd3 Re8 10. O-O Nb4 11. Bb1 Bd7 12. a3 Nc6 13. Bd3 a5 14. Na4 b6 15. Rc1
Na7 16. Bc7 Bxa4 17. Qxa4 Qd7 18. Qb3 b5 19. Ne5 a4 20. Qb4 Qe6 21. Bxb5 Nxb5
22. Qxb5 Ne4 23. Rc6 Nd6 24. Qc5 Bxe5 25. dxe5 Qxe5 26. Bxd6 exd6 27. Qb4 Reb8
28. Rb6 Qe8 29. Rd1 Rxb6 30. Qxb6 Qb8 31. Qxb8+ Rxb8 32. Rd2 Rb5 33. Kf1 Kg7
34. Ke1 Kf6 35. Kd1 Ke5 36. Kc1 Rc5+ 37. Kb1 f5 38. Ka2 g5 39. b3 axb3+ 40.
Kxb3 Rb5+ 41. Kc3 h5 42. a4 Rb7 43. a5 Ke6 44. a6 Ra7 45. Ra2 Kd7 46. Kb4 Kc6
47. Ka5 Kc7 48. Rc2+ Kb8 49. Rd2 Rf7 50. Rxd5 Rf6 51. Kb6 g4 52. hxg4 hxg4 53.
g3 Ka8 54. Kc7 Ka7 55. Rxd6 Rf7+ 56. Kd8 Rf8+ 57. Ke7 Rh8 58. Rf6 Rh5 59. Kf7
Rh2 60. Rxf5 Kxa6 1-0

[Event "SR 4. liga A21 2008/2009"]
[Site "?"]
[Date "2009.02.01"]
[Round "8.6"]
[White "Harasta, Juraj"]
[Black "Orvisky, Vladimir"]
[Result "1-0"]
[WhiteElo "1628"]
[BlackElo "1903"]
[PlyCount "37"]
[EventDate "2008.??.??"]

1. e4 Nf6 2. Nc3 e5 3. Nf3 d6 4. d4 exd4 5. Nxd4 Be7 6. Bc4 Bd7 7. O-O O-O 8.
f4 Nc6 9. Be3 a6 10. Nxc6 Bxc6 11. Bd3 Re8 12. e5 dxe5 13. fxe5 Nd7 14. Bxh7+
Kf8 15. Rxf7+ Kxf7 16. Qh5+ Kf8 17. Bg6 Bf6 18. exf6 Nxf6 19. Bc5+ 1-0

[Event "SR 4. liga A21 2008/2009"]
[Site "?"]
[Date "2009.02.01"]
[Round "8.6"]
[White "Harastova, Viera"]
[Black "Sedlak, Rastislav"]
[Result "1/2-1/2"]
[WhiteElo "1658"]
[BlackElo "1590"]
[PlyCount "107"]
[EventDate "2008.??.??"]

1. d4 d5 2. c4 c6 3. Nf3 Nf6 4. Nc3 Bf5 5. e3 e6 6. a3 Bd6 7. Bd3 Bxd3 8. Qxd3
dxc4 9. Qxc4 O-O 10. O-O Nbd7 11. e4 e5 12. Bg5 h6 13. Bh4 Qb6 14. Bxf6 gxf6
15. Nh4 exd4 16. Ne2 Rfe8 17. Nf5 Ne5 18. Qc1 Bf8 19. Qf4 Qxb2 20. Nexd4 Ng6
21. Qg4 Qd2 22. f3 Qg5 23. Qxg5 fxg5 24. a4 Bg7 25. Nxg7 Kxg7 26. Rab1 Rab8 27.
Nf5+ Kh7 28. Nd6 Re7 29. Rfc1 Rd7 30. Nf5 Ne5 31. h3 b5 32. Rc5 f6 33. axb5
cxb5 34. Rcxb5 Rxb5 35. Rxb5 Nc4 36. Rd5 Rxd5 37. exd5 Kg6 38. d6 Nb6 39. Nd4
a5 40. Kf2 a4 41. Nb5 Kf5 42. Ke2 Ke5 43. Kd3 Kd5 44. d7 Nxd7 45. Nc3+ Ke5 46.
Nxa4 Kf4 47. Ke2 Kg3 48. Kf1 Ne5 49. Nc5 f5 50. Ne6 Nc4 51. Nd4 Ne3+ 52. Kg1
Nxg2 53. Nxf5+ Kxf3 54. Nxh6 1/2-1/2

[Event "SR 4. liga A21 2008/2009"]
[Site "?"]
[Date "2009.02.01"]
[Round "8.6"]
[White "Manak, Adrian"]
[Black "Brisudova, Veronika"]
[Result "0-1"]
[WhiteElo "1830"]
[BlackElo "1777"]
[PlyCount "78"]
[EventDate "2008.??.??"]

1. e4 c5 2. c3 Nf6 3. e5 Nd5 4. d4 Nc6 5. f4 e6 6. Nf3 cxd4 7. cxd4 Bb4+ 8. Kf2
O-O 9. Bd3 f6 10. Rf1 b6 11. Kg1 Bb7 12. Qc2 f5 13. Kh1 Rc8 14. Qf2 Be7 15. a3
Na5 16. Nbd2 Nxf4 17. Bb1 Nd5 18. b4 Nc4 19. Nxc4 Rxc4 20. Ba2 Rc7 21. Bxd5
Bxd5 22. Bb2 Qa8 23. Rfc1 Rfc8 24. Rxc7 Rxc7 25. Rc1 Rxc1+ 26. Bxc1 Qc6 27. Bb2
h6 28. Ne1 Be4 29. h3 Bg5 30. Kh2 Kh7 31. h4 Bc1 32. Bxc1 Qxc1 33. a4 Qc3 34.
b5 Qb4 35. h5 Kg8 36. Qh4 Qxd4 37. Nf3 Qd3 38. Qe7 f4 39. Nh4 Qg3+ 0-1

[Event "SR 4. liga A21 2008/2009"]
[Site "?"]
[Date "2009.02.15"]
[Round "9.1"]
[White "Brisudova, Veronika"]
[Black "Nemeckay, Rastislav"]
[Result "1-0"]
[WhiteElo "1777"]
[BlackElo "1749"]
[PlyCount "77"]
[EventDate "2008.??.??"]

1. e4 e5 2. Nf3 Nf6 3. Nxe5 d6 4. Nf3 Nxe4 5. d4 d5 6. Bd3 Bd6 7. O-O Bg4 8. h3
Bh5 9. Nbd2 Nxd2 10. Bxd2 O-O 11. c3 Qf6 12. g4 Bg6 13. Bg5 Qe6 14. Re1 Qd7 15.
Ne5 Bxe5 16. dxe5 Bxd3 17. Qxd3 Na6 18. Rad1 c6 19. b4 Nc7 20. Qd2 Rfe8 21. f4
Ne6 22. Bh4 h6 23. f5 Nf8 24. Qf4 Kh7 25. g5 g6 26. Rf1 gxf5 27. Qxf5+ Qxf5 28.
Rxf5 hxg5 29. Bxg5 Kg6 30. Rdf1 Nh7 31. h4 f6 32. Bxf6 Rf8 33. Kh2 Rae8 34. a4
a5 35. R5f4 axb4 36. Rg1+ Kh6 37. Bg7+ Kh5 38. Bxf8 Rxf8 39. Rxb4 1-0

[Event "SR 4. liga A21 2008/2009"]
[Site "?"]
[Date "2009.02.15"]
[Round "9.1"]
[White "Harasta, Marian"]
[Black "Tokoly, Daniel"]
[Result "1/2-1/2"]
[WhiteElo "1648"]
[BlackElo "1494"]
[PlyCount "109"]
[EventDate "2008.??.??"]

1. d4 d5 2. c4 dxc4 3. Nc3 Nf6 4. Nf3 Bf5 5. e3 e6 6. Bxc4 Bb4 7. Qb3 Nc6 8.
Bb5 Bxc3+ 9. bxc3 Be4 10. Be2 O-O 11. Ba3 Re8 12. O-O Qd5 13. Qxb7 Nxd4 14. Qb2
Rab8 15. Bb4 Nxe2+ 16. Qxe2 Bd3 17. Qd1 Bxf1 18. Kxf1 Qxd1+ 19. Rxd1 Nd5 20.
Rd4 Nxb4 21. cxb4 h6 22. Ke2 a5 23. a3 axb4 24. axb4 Rb5 25. Rc4 Rc8 26. Nd4
Rd5 27. e4 Rd6 28. e5 Ra6 29. b5 Ra5 30. Nc6 Ra2+ 31. Kf3 Kf8 32. Nb4 Ra4 33.
b6 c5 34. b7 Rb8 35. Nc6 Ra3+ 36. Ke4 Rxb7 37. Rxc5 Rc7 38. Rc2 Ra6 39. Nd4
Rxc2 40. Nxc2 Ra2 41. Kd3 Ke7 42. f4 f6 43. h4 fxe5 44. fxe5 Ra5 45. Ke4 Ra4+
46. Nd4 Kf7 47. g4 Kg6 48. Ke3 Ra5 49. Kf4 Ra4 50. Ke3 h5 51. gxh5+ Kxh5 52.
Nxe6 Kg6 53. h5+ Kf7 54. Nf4 Ke7 55. Kf3 1/2-1/2

[Event "SR 4. liga A21 2008/2009"]
[Site "?"]
[Date "2009.02.15"]
[Round "9.1"]
[White "Nemeckayova, Monika"]
[Black "Harastova, Viera"]
[Result "1-0"]
[WhiteElo "1505"]
[BlackElo "1658"]
[PlyCount "36"]
[EventDate "2008.??.??"]

1. e4 e5 2. Nf3 Nc6 3. Bc4 Be7 4. c3 Nf6 5. d3 d6 6. Be3 O-O 7. Nbd2 Bg4 8. Qe2
a6 9. h3 Bh5 10. O-O-O Na5 11. g4 Bg6 12. h4 h6 13. g5 Ng4 14. h5 Nxe3 15. Qxe3
Nxc4 16. dxc4 Bh7 17. gxh6 f5 18. hxg7 f4 1-0

[Event "SR 4. liga A21 2008/2009"]
[Site "?"]
[Date "2009.02.15"]
[Round "9.1"]
[White "Skapik, Branislav"]
[Black "Harasta, Juraj"]
[Result "1/2-1/2"]
[WhiteElo "1823"]
[BlackElo "1628"]
[PlyCount "88"]
[EventDate "2008.??.??"]

1. e4 e5 2. Nf3 Nc6 3. Bb5 a6 4. Ba4 Nf6 5. O-O b5 6. Bb3 Bc5 7. c3 d6 8. d4
Bb6 9. dxe5 dxe5 10. Qxd8+ Nxd8 11. Bg5 O-O 12. a4 Bb7 13. Bxf6 gxf6 14. Nbd2
Ne6 15. Bxe6 fxe6 16. Rfc1 Rad8 17. c4 bxa4 18. Rxa4 Bd4 19. b3 f5 20. c5 fxe4
21. Nxd4 exd4 22. c6 Bc8 23. Nxe4 e5 24. Ra5 Rf5 25. Ng3 Rg5 26. f4 Rg4 27.
fxe5 d3 28. Rd1 Rb4 29. Nh5 Rxb3 30. Nf6+ Kg7 31. Rd5 Rxd5 32. Nxd5 a5 33. Nxc7
a4 34. e6 Kf6 35. Rf1+ Ke7 36. Rf7+ Kd6 37. Kf2 Bxe6 38. Nxe6 Kxe6 39. c7 Rc3
40. Rxh7 a3 41. Ke3 Kd6 42. Kd2 Rxc7 43. Rh6+ Ke5 44. Ra6 Rc2+ 1/2-1/2

[Event "SR 4. liga A21 2008/2009"]
[Site "?"]
[Date "2009.02.15"]
[Round "9.1"]
[White "Vepy, Ivan"]
[Black "Hanzluvka, Peter"]
[Result "1-0"]
[WhiteElo "1941"]
[BlackElo "2052"]
[PlyCount "73"]
[EventDate "2008.??.??"]

1. e4 c5 2. Nf3 Nc6 3. d4 cxd4 4. Nxd4 Nf6 5. Nc3 d6 6. Bg5 e5 7. Ndb5 a6 8.
Bxf6 gxf6 9. Na3 b5 10. Nd5 Bg7 11. c3 f5 12. exf5 Bxf5 13. Qf3 Bd7 14. Bd3 Rb8
15. O-O O-O 16. Ne3 Ne7 17. Rad1 f5 18. Bc2 Be6 19. Bb3 Bxb3 20. axb3 e4 21.
Qh3 d5 22. Nac2 Rb6 23. f4 Rh6 24. Qg3 Qb6 25. Kh1 Rd8 26. Nd4 Qg6 27. Qf2 Rd6
28. g4 fxg4 29. Rg1 Qf7 30. Nxg4 Rhg6 31. f5 Rxg4 32. Rxg4 Kh8 33. Qg3 Rf6 34.
Rg1 Bh6 35. Qe5 Bf8 36. Nc6 h5 37. Nd8 1-0

[Event "SR 4. liga A21 2008/2009"]
[Site "?"]
[Date "2009.02.15"]
[Round "9.2"]
[White "Bjel, Jan"]
[Black "Manak, Adrian"]
[Result "1-0"]
[WhiteElo "1703"]
[BlackElo "1830"]
[PlyCount "147"]
[EventDate "2008.??.??"]

1. d4 Nf6 2. c4 c6 3. Nc3 d5 4. cxd5 cxd5 5. Bf4 Qb6 6. Qc2 Nc6 7. e3 e6 8. a3
a6 9. Nf3 Bd7 10. Bd3 Be7 11. O-O Rc8 12. Rac1 Na5 13. Ne5 Bb5 14. Bxb5+ axb5
15. Nxd5 Rxc2 16. Nxb6 Rxb2 17. Rc8+ Bd8 18. h3 O-O 19. Nbd7 Nxd7 20. Nxd7 Re8
21. Bc7 Nc6 22. Rc1 Rb3 23. Ra8 f6 24. Rxc6 bxc6 25. Bxd8 Kf7 26. Nc5 Rb1+ 27.
Kh2 e5 28. dxe5 Rxe5 29. Bb6 Re7 30. Ba5 Rb2 31. Kg3 Re5 32. Ra7+ Kg8 33. Nd3
Rg5+ 34. Kf3 Rb3 35. Nf4 Rxa3 36. Ne6 Re5 37. Ra8+ Kf7 38. Nd8+ Kg6 39. Nxc6
Rf5+ 40. Kg3 Rg5+ 41. Kf3 Rf5+ 42. Ke2 Ra2+ 43. Bd2 Rxa8 44. Ne7+ Kg5 45. h4+
Kg4 46. f3+ Rxf3 47. gxf3+ Kxh4 48. Nf5+ Kh3 49. Nxg7 Ra2 50. Kd3 Kg3 51. f4
Kg4 52. Bc3 f5 53. Ne8 h5 54. Nf6+ Kf3 55. Nxh5 Ra3 56. Kd4 b4 57. Bxb4 Ra4 58.
Kc3 Kxe3 59. Bd6 Kf3 60. Kd3 Kg4 61. Nf6+ Kf3 62. Nd5 Ra8 63. Kd4 Re8 64. Be5
Rd8 65. Kc5 Rc8+ 66. Kd6 Kg4 67. Ke7 Rc6 68. Bd6 Kh5 69. Ke6 Ra6 70. Ne7 Kg4
71. Nd5 Kh5 72. Nf6+ Kg6 73. Nd7 Rc6 74. Ne5+ 1-0

[Event "SR 4. liga A21 2008/2009"]
[Site "?"]
[Date "2009.02.15"]
[Round "9.2"]
[White "Bjel, Lubos"]
[Black "Sedlak, Rastislav"]
[Result "1-0"]
[WhiteElo "1551"]
[BlackElo "1590"]
[PlyCount "69"]
[EventDate "2008.??.??"]

1. e4 e5 2. Nf3 Nc6 3. Bc4 Nf6 4. d3 Bc5 5. c3 O-O 6. Bg5 d6 7. Nbd2 Bg4 8. a4
a6 9. b4 Bb6 10. a5 Ba7 11. Bd5 h6 12. Bxc6 bxc6 13. Bh4 c5 14. h3 Bh5 15. bxc5
Bxc5 16. Rb1 g5 17. g4 gxh4 18. gxh5 Nxh5 19. Nxe5 dxe5 20. Qxh5 Qf6 21. Nf3
Rfd8 22. Rg1+ Kf8 23. Qxe5 Qxe5 24. Nxe5 f6 25. Ng6+ Kf7 26. d4 Bd6 27. Nxh4
Re8 28. f3 Rab8 29. Rxb8 Rxb8 30. Nf5 Rb1+ 31. Kf2 Rb3 32. Nxh6+ Ke6 33. d5+
Ke5 34. Nf7+ Kf4 35. Rg4# 1-0

[Event "SR 4. liga A21 2008/2009"]
[Site "?"]
[Date "2009.02.15"]
[Round "9.2"]
[White "Blatnicky, Miroslav"]
[Black "Curidlo, Jan"]
[Result "1-0"]
[WhiteElo "2107"]
[BlackElo "1979"]
[PlyCount "59"]
[EventDate "2008.??.??"]

1. e4 c5 2. Nf3 d6 3. d4 cxd4 4. Nxd4 Nf6 5. Nc3 a6 6. Bg5 e6 7. f4 Be7 8. Qf3
Qc7 9. O-O-O Nbd7 10. Kb1 b5 11. Bxf6 Nxf6 12. e5 Bb7 13. Bxb5+ axb5 14. Ndxb5
Bxf3 15. Nxc7+ Kd7 16. Nxa8 Bxd1 17. Rxd1 Rxa8 18. exf6 Bxf6 19. Ne4 Be7 20. c4
h6 21. Nxd6 Bxd6 22. c5 Kc6 23. cxd6 Kd7 24. b3 Ra5 25. g3 g5 26. a4 gxf4 27.
Rf1 Rf5 28. Rxf4 Rxf4 29. gxf4 Kxd6 30. Kc2 1-0

[Event "SR 4. liga A21 2008/2009"]
[Site "?"]
[Date "2009.02.15"]
[Round "9.2"]
[White "Orvisky, Vladimir"]
[Black "Krchnak, Rudolf"]
[Result "1-0"]
[WhiteElo "1903"]
[BlackElo "1930"]
[PlyCount "103"]
[EventDate "2008.??.??"]

1. c4 f5 2. d4 Nf6 3. Nc3 g6 4. Nf3 Bg7 5. g3 d6 6. Bg2 c6 7. Bd2 O-O 8. O-O
Qc7 9. Qc1 e5 10. dxe5 dxe5 11. Bh6 Na6 12. Bxg7 Kxg7 13. Rd1 e4 14. Nd4 c5 15.
Ndb5 Qe7 16. f3 Nb4 17. fxe4 fxe4 18. Nd6 Bf5 19. a3 Nc6 20. Nxf5+ gxf5 21.
Qg5+ Kh8 22. Qxf5 Nd4 23. Qg5 Rg8 24. Qc1 Nb3 25. Qe3 Nxa1 26. Rxa1 Rae8 27.
Rf1 b6 28. Rf4 Ng4 29. Qxe4 Qxe4 30. Bxe4 Ne3 31. Nd5 Nxd5 32. cxd5 Rd8 33. Bf3
Rgf8 34. Kf2 Rxf4 35. gxf4 Kg7 36. e4 b5 37. Ke3 a5 38. e5 a4 39. d6 b4 40. Bc6
bxa3 41. bxa3 Kf7 42. f5 Rb8 43. e6+ Kf6 44. e7 Kxf5 45. e8=Q Rxe8+ 46. Bxe8
Ke6 47. d7 Ke7 48. Kd3 h5 49. Kc4 h4 50. Kxc5 h3 51. Kc6 Kd8 52. Kb7 1-0

[Event "SR 4. liga A21 2008/2009"]
[Site "?"]
[Date "2009.02.15"]
[Round "9.2"]
[White "Siska, Michal"]
[Black "Bjel, Tomas"]
[Result "0-1"]
[WhiteElo "1628"]
[BlackElo "1623"]
[PlyCount "88"]
[EventDate "2008.??.??"]

1. c4 e5 2. Nc3 Nc6 3. d3 Nf6 4. a3 Be7 5. Nf3 d6 6. g3 h6 7. Bg2 Bd7 8. b4 a6
9. Be3 Ng4 10. Bd2 O-O 11. Nd5 Nf6 12. Nxe7+ Qxe7 13. Bc3 e4 14. Bxf6 Qxf6 15.
dxe4 Qc3+ 16. Nd2 Nd4 17. O-O Be6 18. e3 Nc6 19. Qc1 Qd3 20. Re1 Ne5 21. Bf1
Qxd2 22. Qxd2 Nf3+ 23. Kg2 Nxd2 24. f3 Bxc4 25. Bxc4 Nxc4 26. Rac1 b5 27. Rc3
Rac8 28. Rd1 c5 29. bxc5 dxc5 30. Rd7 Rfd8 31. Ra7 Rd6 32. Rb7 Kf8 33. a4 Na5
34. Ra7 b4 35. Rc1 c4 36. e5 Rb6 37. Rd1 Nc6 38. a5 Nxa7 39. axb6 Nb5 40. Rd5
Rb8 41. Rc5 c3 42. Rc6 b3 43. b7 Rxb7 44. Rxa6 b2 0-1

[Event "SR 4. liga A21 2008/2009"]
[Site "?"]
[Date "2009.02.15"]
[Round "9.3"]
[White "Blanarik, Dominik"]
[Black "Beran, Jan st"]
[Result "1/2-1/2"]
[WhiteElo "1565"]
[BlackElo "1680"]
[PlyCount "110"]
[EventDate "2008.??.??"]

1. e4 e5 2. Nf3 Nc6 3. Bb5 a6 4. Ba4 Nf6 5. O-O Be7 6. Nc3 b5 7. Bb3 O-O 8. a3
d6 9. d3 Bg4 10. h3 Bxf3 11. Qxf3 Nd4 12. Qg3 Kh8 13. f4 exf4 14. Qxf4 c5 15.
Qf2 Nxb3 16. cxb3 Rb8 17. Bd2 a5 18. Ne2 b4 19. axb4 axb4 20. Ng3 Nd7 21. Nf5
Ne5 22. Qg3 Bf6 23. Ra6 Ng6 24. Rxd6 Qc7 25. Rxf6 Qxg3 26. Nxg3 gxf6 27. Rxf6
Kg7 28. Rc6 Rbc8 29. Nf5+ Kh8 30. Rxc8 Rxc8 31. Bg5 Ra8 32. Nd6 Kg8 33. Be3 Ne5
34. d4 cxd4 35. Bxd4 f6 36. Kf2 Ra2 37. Ke3 Kg7 38. g4 Kg6 39. Nc4 Nxc4+ 40.
bxc4 Ra1 41. Kf4 Rf1+ 42. Kg3 Kf7 43. e5 fxe5 44. Bxe5 Rc1 45. h4 Rxc4 46. h5
Rc5 47. Kf4 Ke6 48. Bd4 Rc4 49. Ke4 b3 50. g5 Rc1 51. h6 Re1+ 52. Kd3 Rh1 53.
Kc4 Rh3 54. Bc3 Kf5 55. Bf6 Kg6 1/2-1/2

[Event "SR 4. liga A21 2008/2009"]
[Site "?"]
[Date "2009.02.15"]
[Round "9.3"]
[White "Gasa, Patrik"]
[Black "Dubecky, Ladislav"]
[Result "0-1"]
[WhiteElo "1350"]
[BlackElo "1549"]
[PlyCount "58"]
[EventDate "2008.??.??"]

1. e4 e5 2. Nf3 Nf6 3. Nxe5 Qe7 4. Nf3 Nxe4 5. Qe2 d5 6. d3 Nf6 7. Bg5 Be6 8.
Nc3 Qb4 9. Qd2 Be7 10. Be2 b6 11. Rb1 Nbd7 12. a3 Qg4 13. O-O h6 14. Ne5 Qxg5
15. f4 Qh4 16. d4 Bf5 17. Nb5 Bd8 18. Qc3 a6 19. g3 Qh3 20. Nxc7+ Bxc7 21. Qxc7
O-O 22. Rbc1 Rac8 23. Qd6 Ne4 24. Qb4 Nxg3 25. hxg3 Qxg3+ 26. Kh1 Nxe5 27. fxe5
Be4+ 28. Bf3 Bxf3+ 29. Rxf3 Qxf3+ 0-1

[Event "SR 4. liga A21 2008/2009"]
[Site "?"]
[Date "2009.02.15"]
[Round "9.3"]
[White "Havlicek, Peter"]
[Black "Cerovsky, Marian"]
[Result "0-1"]
[WhiteElo "1684"]
[BlackElo "1805"]
[PlyCount "64"]
[EventDate "2008.??.??"]

1. e4 e5 2. Nf3 Nc6 3. Bc4 Bc5 4. d3 h6 5. c3 Nf6 6. b4 Bd6 7. O-O O-O 8. h3 a5
9. b5 Ne7 10. Be3 Ng6 11. a4 b6 12. Nbd2 Bb7 13. Nb3 Kh7 14. Nh2 c6 15. Ng4 Ng8
16. Nd2 f5 17. exf5 Rxf5 18. Ne4 Bc7 19. Ng3 Rf8 20. Nh5 d5 21. Bb3 Qh4 22. Ng3
Nf4 23. Ne2 cxb5 24. Bxf4 exf4 25. f3 h5 26. Nf2 Rf6 27. d4 Ne7 28. Qd3+ Nf5
29. axb5 g6 30. Kh2 Ne3 31. Rg1 Qxf2 32. Raf1 Nxf1+ 0-1